Click the Seven Seas - Statistics

General Stats
  • This quiz has been taken 279 times
  • The average score is 6 of 7
Answers on the Map
Answers color-coded by a green-red scale on the quiz's map according to % correct below.
 
Answer Stats
Answer % Correct
Indian Ocean
96%
North Atlantic Ocean
95%
North Pacific Ocean
93%
South Pacific Ocean
92%
South Atlantic Ocean
91%
Arctic Ocean
90%
Southern Ocean
86%
No matching quizzes found
Score Distribution
Percent of People with Each Score
Percentile by Number Answered
Your Score History
You have not taken this quiz